00769cam a2200229 a 450000100100000000500170001000800410002702000150006804000180008308200110010110000400011224500440015226000340019630000210023049000270025165000300027865000310030883000350033991000340037495201160040899900150052400000792320200929154342.0900326s1988 sp 000 j spa  a8433923161 aDO-SdBNPcDLC a863.641 aVidal-Folch, Ignacio,d1956-92170913aEl arte no paga /cIgnacio Vidal-Folch. aBarcelona :bAnagrama,c1988. a116 p. ;c20 cm.1 aContraseñasvno. 116 4aCuentos españoles93194 4aLiteratura española9632 0aContraseñas;vno. 116921710 aCatalogación por copia / LC 001052708MOaGRbGRcCTd2009-09-11iLF1l0o863.64 p7923-10r2020-06-25w2020-06-25y2ZPréstamo interno c7701d7701